Internationalization and economic growth in the new member states of the European union

Analýza internacionalizácie ekonomík nových členských štátov EÚ s použitím panelových dát pre obdobie 2000-2008.

Saved in:
Bibliographic Details
Main Author: Lejko, Ina
Other Authors: Bojnec, Štefan
Format: Book Chapter
Language:English
Subjects:
Tags: Add Tag
No Tags, Be the first to tag this record!

MARC

LEADER 00000naa a2200000 4500
001 0155073
005 20231208072515.5
041 0 |a eng 
044 |a SK 
245 1 0 |a Internationalization and economic growth in the new member states of the European union  |c Ina Lejko, Štefan Bojnec 
520 |a Analýza internacionalizácie ekonomík nových členských štátov EÚ s použitím panelových dát pre obdobie 2000-2008. 
610 2 0 |a internacionalizácia 
610 2 0 |a obchod 
610 2 0 |a investície priame zahraničné 
610 2 0 |a Európska únia 
610 2 0 |a rast hospodársky 
100 1 |a Lejko, Ina 
700 1 |a Bojnec, Štefan